00333nam a2200133Ia 4500003000900000008004100009040001600050080001600066100001400082245006000096260001700156300001000173650001600183IN-BaIIA211028s9999 xx 000 0 eng d cIIA Library a770.02bCRO aCroy, O R 4aThe Compelte Art of Printing and EnclargingcO. R. Croy aLondonc1951 a255p. aPhotography